South Eastern Kenya University

Library Online Public Access Catalogue


Introduction to probability theory and statistical inference (Record no. 8843)

MARC details
000 -LEADER
fixed length control field 00528pam a2200157 4500
020 ## - ISBN
International Standard Book Number 047151781X
050 00 - LIBRARY OF CONGRESS CALL NUMBER
Classification Number QA273
Item Number .L35 1974
100 1# - MAIN ENTRY--Author
Personal name Larson, Harold J.,
Dates associated with a name 1934-
245 10 - TITLE
Title Introduction to probability theory and statistical inference
Statement of responsibility, etc [by] Harold J. Larson.
250 ## - EDITIONSTATEMENT
Edition statement 2d ed.
260 ## - PUBLICATION, DISTRIBUTION, ETC.(IMPRINT)
Place of publication, distribution, etc New York,
Name of publisher, distributor, etc Wiley
Date of publication, distribution, etc [1974]
300 ## - PHYSICAL DESCRIPTION
Extent xi, 430 p.
856 42 - URL/ELECTRONIC LOCATION AND ACCESS
Uniform Resource Identifier <a href="http://www.loc.gov/catdir/enhancements/fy0607/73019852-d.html">http://www.loc.gov/catdir/enhancements/fy0607/73019852-d.html</a>
856 41 - URL/ELECTRONIC LOCATION AND ACCESS
Uniform Resource Identifier <a href="http://www.loc.gov/catdir/enhancements/fy0607/73019852-t.html">http://www.loc.gov/catdir/enhancements/fy0607/73019852-t.html</a>
942 ## - ADDED ENTRY ELEMENTS(KOHA)
Source of classification or shelving scheme Library of Congress Classification
Koha item type General circulation
Holdings
Source of classification or shelving scheme Not for loan Location (home branch) Sublocation (holding branch) Shelving location Date accessioned Full call number Barcode Nonpublic note Koha item type
Library of Congress Classification   Mtito Andei Centre Library Mtito Andei Centre Library   11/09/2015 QA273 .L35 1974 2015/007624 jm General circulation
Kitui, Kenya.
+254736116989
library@seku.ac.ke